Soils in construction
| Main Author: | |
|---|---|
| Format: | Book |
| Published: |
New York :
John Wiley & Sons ,
c1984
|
| Subjects: |
MARC
| LEADER | 00000cam a2200000 7i4500 | ||
|---|---|---|---|
| 001 | 0000000757 | ||
| 005 | 20050428.0 | ||
| 020 | |a 0471865818 | ||
| 040 | |a INS | ||
| 090 | 0 | 0 | |a TA710. |b S286 1984 |
| 100 | 1 | |a Schroeder, W. L. | |
| 245 | 1 | 0 | |a Soils in construction |c W. L. Schroeder |
| 260 | |a New York : |b John Wiley & Sons , |c c1984 | ||
| 300 | |a 330p : |b ill ; |c 23cm. | ||
| 500 | |a Includes index | ||
| 650 | 0 | 0 | |a Buildings |
| 650 | 0 | 0 | |a Foundations |
| 650 | 0 | 0 | |a Soil mechanics |
| 999 | |a 0000001461 |b BOOK |c Open Shelf |e Default branch | ||